Οι μικτοί γάμοι στην Ελλάδα : μελέτη περίπτωσης το νησί της Ρόδου : πτυχιακή εργασία

Αποθηκεύτηκε σε:
Λεπτομέρειες βιβλιογραφικής εγγραφής
Κύριος συγγραφέας: Νικολοπούλου, Παρασκευή
Συγγραφή απο Οργανισμό/Αρχή: Πανεπιστήμιο Αιγαίου. Σχολή Κοινωνικών Επιστημών. Τμήμα Γεωγραφίας
Άλλοι συγγραφείς: Πετράκου, Ηλέκτρα (Εισηγητής διατριβής)
Μορφή: Thesis Βιβλίο
Γλώσσα:Greek
Δημοσίευση: 2014
Θέματα:
Διαθέσιμο Online:http://hdl.handle.net/11610/6229
Ετικέτες: Προσθήκη ετικέτας
Δεν υπάρχουν, Καταχωρήστε ετικέτα πρώτοι!

MARC

LEADER 00000cam a2200000 i 4500
001 1/67075
008 150216s2014 gre d
035 |l 10121096 
040 |a GR-MY-UA  |b gre  |e aacr 
041 0 |a gre 
082 0 |a 306.8  |2 (22) 
100 1 |a Νικολοπούλου, Παρασκευή. 
245 1 3 |a Οι μικτοί γάμοι στην Ελλάδα :  |b μελέτη περίπτωσης το νησί της Ρόδου : πτυχιακή εργασία /  |c της Νικολοπούλου Παρασκευής ; επιβλέπουσα: Πετράκου Ηλέκτρα 
260 |c 2014 
300 |a 75 σ.;  |b εικ., πίν.;  |c 30 εκ. 
502 |a Πτυχιακή εργασία – Πανεπιστήμιο Αιγαίου, Λέσβος, 2014. 
504 |a Βιβλιογραφία: σ. 53-75 
650 0 0 |a Intermarriage. 
650 0 |a Marriage  |z Greece  |z Rhodes (Island) 
650 0 |a Immigrants  |z Greece  |z Rhodes (Island)  |x Cultural assimilation. 
650 0 0 |a Dissertations, Academic  |z Greece. 
700 1 |4 ths  |a Πετράκου, Ηλέκτρα. 
710 2 |a Πανεπιστήμιο Αιγαίου.   |b Σχολή Κοινωνικών Επιστημών.   |b Τμήμα Γεωγραφίας. 
852 |a INST  |b LESVOS  |c DIATR  |e 20150216  |h 829  |p 005100056046  |q 005100056046  |t DIE  |y 23 
852 |a INST  |b LESVOS  |c DIATR  |e 20150216  |h 830  |p 005100056045  |q 005100056045  |t DIE  |y 23 
856 |u http://hdl.handle.net/11610/6229 
901 |a BIBL1-2015-1 
909 |a Λ  |b 191783 
909 |a Λ  |b 191784 
924 |a ΝΙΚΟΛΟΠΟΥΛΟΥ  |b ΠΑΡΑΣΚΕΥΗ  |y ΛΕΣΒΟΣ  |z 2014-11 
970 |a ΤΖΑΦΕΡΗ  |b ΕΥΑΓΓΕΛΙΑ  |z 2015/02/16